ARRUPE JESUIT UNIVERSITY

CORONAVIRUS -STOP THE SPREAD - CLEAN,DISINFECT,COVER

Larousse Grammaire (Record no. 124905)

MARC details
000 -LEADER
fixed length control field 00443nam a22001577a 4500
008 - FIXED-LENGTH DATA ELEMENTS--GENERAL INFORMATION
fixed length control field 160811b xxu||||| |||| 00| 0 eng d
020 ## - INTERNATIONAL STANDARD BOOK NUMBER
International Standard Book Number 9782035331182
050 ## - LIBRARY OF CONGRESS CALL NUMBER
Classification number PC2267.D815 2001
100 ## - MAIN ENTRY--PERSONAL NAME
Personal name Dubois, Jean
9 (RLIN) 8426
245 ## - TITLE STATEMENT
Title Larousse Grammaire
Statement of responsibility, etc Jean Dubois
260 ## - PUBLICATION, DISTRIBUTION, ETC. (IMPRINT)
Place of publication, distribution, etc Paris
Name of publisher, distributor, etc Larousse
Date of publication, distribution, etc 2001
300 ## - PHYSICAL DESCRIPTION
Extent 191p. ;
Dimensions 23cm.
440 ## - SERIES STATEMENT/ADDED ENTRY--TITLE
Title Livres de bord
9 (RLIN) 24765
650 ## - SUBJECT ADDED ENTRY--TOPICAL TERM
Topical term or geographic name as entry element French languages
General subdivision Grammar
9 (RLIN) 24766
942 ## - ADDED ENTRY ELEMENTS (KOHA)
Source of classification or shelving scheme Library of Congress Classification
Item type Monograph ( Printed materials)
Holdings
Withdrawn status Lost status Source of classification or shelving scheme Damaged status Not for loan Collection code Home library Current library Shelving location Date acquired Total Checkouts Full call number Barcode Date last seen Price effective from Koha item type
    Library of Congress Classification     Main Collection ARRUPE LIBRARY ARRUPE LIBRARY Main Collection 11/08/2016   PC2267.D815 2001 46500010479 27/03/2019 11/08/2016 Monograph ( Printed materials)

 

Arrupe Library. PO Box MP320 Mt Pleasant, Harare, Zimbabwe
263 242 745411|librarian@aju.ac.zw